00613nam a2200169 i 450000100060000000300090000600500170001500700030003200800410003511000130007624000350008924501970012426000280032130000200034950000500036985200240041942482ES-MaACL20250827062559.0t|030402s1872 sp ||||1| spa d1 aEspaña 0aTratados, etc. Bélgica, 187210aConvenio entre España y Bélgica, para asegurar recíprocamente el beneficio de la defensa por pobre para litigar á los nacionales de ámbos países, firmado en Bruselas el 31 de Mayo. a[S.l. : bs.n., c1872] a2 p. ; c27 cm. aEjemplar sin port., datos tomados de la p. 1. aES-MaACLjT-500-F-4